书目信息 |
| 题名: |
混合式学习
|
|
| 作者: | 霍恩 , 斯特克 著 ;混合式学习翻译小组 译 | |
| 分册: | ||
| 出版信息: | 北京 机械工业出版社 2016 |
|
| 页数: | 10,280页 | |
| 开本: | 24cm | |
| 丛书名: | ||
| 单 册: | ||
| 中图分类: | G424.1 | |
| 科图分类: | ||
| 主题词: | 教学法--jiao xue fa--研究 | |
| 电子资源: | ||
| ISBN: | 978-7-111-54610-8 | |
| 000 | 01326nam0 22002891 450 | |
| 001 | 1754556652 | |
| 005 | 20170516112211.0 | |
| 010 | @a978-7-111-54610-8@b精装@dCNY65.00 | |
| 100 | @a20160929d2016 em y0chiy50 ea | |
| 101 | 1 | @achi@ceng |
| 102 | @aCN@b110000 | |
| 105 | @ay z 000yy | |
| 106 | @ar | |
| 200 | 1 | @a混合式学习@9hun he shi xue xi@e21世纪学习的革命@dBlended@eusing disruptive innovation to improve schools@f(美)迈克尔·霍恩(Michael B. Horn),(美)希瑟·斯特克(Heather Staker)著@g混合式学习翻译小组译@zeng |
| 210 | @a北京@c机械工业出版社@d2016 | |
| 215 | @a10,280页@d24cm | |
| 305 | @a由John Wiley & Sons公司授权出版 | |
| 330 | @a本书以美国的实例讲述了在线教育在学校的运用,或者说混合式学习在学校的发展。不仅希望帮助那些想对学校现状做出重大改变的人,或者那些已经在思考混合式学习的人,也希望能为那些对现有学习方式感到满意的人打开眼界。 | |
| 510 | 1 | @aBlended@eusing disruptive innovation to improve schools@zeng |
| 517 | 1 | @a21世纪学习的革命@921shi ji xue xi de ge ming |
| 606 | 0 | @a教学法@9jiao xue fa@x研究 |
| 690 | @aG424.1@v5 | |
| 701 | 0 | @c(美)@a霍恩@9huo en@c(Horn, Michael B.)@4著 |
| 701 | 0 | @c(美)@a斯特克@9si te ke@c(女,Staker, Heather)@4著 |
| 712 | 02 | @a混合式学习翻译小组@9hun he shi xue xi fan yi xiao zu@4译 |
| 801 | 0 | @aCN@b百万庄@c20170513 |
| 905 | @b1006644-9@dG424.1@e287@f6 | |
| 混合式学习:21世纪学习的革命=Blended:using disruptive innovation to improve schools/(美)迈克尔·霍恩(Michael B. Horn),(美)希瑟·斯特克(Heather Staker)著/混合式学习翻译小组译.-北京:机械工业出版社,2016 |
| 10,280页;24cm |
| ISBN 978-7-111-54610-8(精装):CNY65.00 |
| 本书以美国的实例讲述了在线教育在学校的运用,或者说混合式学习在学校的发展。不仅希望帮助那些想对学校现状做出重大改变的人,或者那些已经在思考混合式学习的人,也希望能为那些对现有学习方式感到满意的人打开眼界。 |
| ● |
| 相关链接 |
|
|
|
|
正题名:混合式学习
索取号:G424.1/287
 
预约/预借
| 序号 | 登录号 | 条形码 | 馆藏地/架位号 | 状态 | 备注 |
| 1 | 1006644 | 210066444 | 第一样本阅览室/ [索取号:G424.1/287] | 在馆 | |
| 2 | 1006645 | 210066453 | 教育系资料室/ [索取号:G424.1/287] | 在馆 | |
| 3 | 1006646 | 210066462 | 教育系资料室/ [索取号:G424.1/287] | 在馆 | |
| 4 | 1006647 | 210066471 | 教育系资料室/ [索取号:G424.1/287] |
已借出,限还日期为2025.03.16 借出人:周颖芳 |
|
| 5 | 1006648 | 210066480 | 第四借阅区/ [索取号:G424.1/287] | 在馆 | |
| 6 | 1006649 | 210066499 | 第四借阅区/ [索取号:G424.1/287] | 在馆 |